| 000 | 00581nam a22001937a 4500 | ||
|---|---|---|---|
| 003 | OSt | ||
| 005 | 20151116124010.0 | ||
| 008 | 130831t xxu||||| |||| 00| 0 eng d | ||
| 020 | _a9780393096811 | ||
| 050 |
_aML 160 _b.St927 1950 |
||
| 082 |
_aHS 780.9 _b.St8 1965 |
||
| 100 |
_aStrunk, W. Oliver _916010 |
||
| 245 |
_aThe renaissance : _b Source readings in music history _cOliver Strunk. |
||
| 260 |
_aNew York : _bNorton, _cc1950. |
||
| 300 |
_axiv,175 p. : _c20 cm. |
||
| 650 |
_aMusic. _xHistory and criticism. _xSources. _916011 |
||
| 942 |
_2lcc _cBK |
||
| 999 |
_c10116 _d10116 |
||